Movies Quiz

Random Movies or Quote Quiz

Two-Word Movie Quotes Quiz Stats

 Plays Quiz Updated Dec 11, 2018

Support Sporcle.
Go Orange.
Score 0/24 Timer 05:00
2 Plays Today
% Correct
The Lion King
93.3%
The Shining
91.5%
Lord of the Rings: The Two Towers
90.2%
Harry Potter and the Prisoner of Azkaban
90.1%
The Wizard of Oz
85.8%
Frankenstein
82.2%
The Incredibles
77%
Forrest Gump
75.6%
Back to the Future
72.1%
Rocky
71.4%
Clueless
70.5%
The Lone Ranger
70.1%
% Correct
Animal House
65.4%
Poltergeist
64.2%
E.T.: The Extra Terrestrial
57.7%
Apocalypse Now
53.7%
The Matrix
51.8%
The Nutty Professor
49%
Dog Day Afternoon
44.8%
Indiana Jones and the Last Crusade
44%
Tommy Boy
43.7%
L.A. Confidential
41.7%
Star Trek: First Contact
39.6%
Saving Private Ryan
39.5%

From the Vault

One Face, Two Characters

by KStericker

Movies 7m
This sounds like it should be Harvey Dent's favorite quiz.
Remove Ads.
Support Sporcle.
Get the best of Sporcle when you Go Orange. This ad-free experience offers more features, more stats, and more fun while also helping to support Sporcle. Thank you for becoming a member.

Show Comments

Extras

Top Quizzes Today


Score Distribution

Your Account Isn't Verified!

In order to create a playlist on Sporcle, you need to verify the email address you used during registration. Go to your Sporcle Settings to finish the process.

Report this User

Report this user for behavior that violates our Community Guidelines.

Details: